| 000 | 01115nam a22003135i 4500 | ||
|---|---|---|---|
| 001 | 11684 | ||
| 003 | ES-MaACL | ||
| 005 | 20230906150143.0 | ||
| 007 | t| | ||
| 008 | 950616s1994 sp ||||0| spa j | ||
| 020 | _a84-7114-489-1 | ||
| 040 |
_aM-BN _bspa _cM-BN |
||
| 080 | _a312(460) | ||
| 080 | _a308(460)(083.41) | ||
| 100 | 1 |
_aDomínguez, Rafael. _945177 |
|
| 245 | 1 | 0 |
_aEstructura social española 1994 / _cArea de Investigación y Estudios de la EOI, (Rafael Domínguez, Ana Barreira y Silvia Menniti). |
| 260 |
_aMadrid : _bEscuela de Organización Industrial : _bMundi-Prensa, _c1994. |
||
| 300 |
_a108 p ; _c24 cm. |
||
| 490 | 1 | _aCuadernos EOI | |
| 504 | _aBibliografía: p. 107-108. | ||
| 651 | 4 |
_aEspaña- _xPoblación- _vEstadísticas. _98393 |
|
| 651 | 4 |
_aEspaña- _xSituación social- _vEstadísticas. _98511 |
|
| 700 | 1 |
_aBarreira, Ana. _925885 |
|
| 700 | 1 |
_aMenniti, Silvia. _980373 |
|
| 710 | 2 |
_aEscuela de Organización Industrial. _bArea de Investigación y Estudios. _93557 |
|
| 830 | 0 |
_aCuadernos EOI _9228205 |
|
| 852 |
_aES-MaACL _jL-19103 _bR.124686 |
||
| 999 |
_c11684 _d11684 |
||